Nationalteams mit weniger Unentschieden bei der Europameisterschaft - Statistiken

Allgemein
  • Dieses Quiz wurde 9 mal gespielt
    6 seit der letzten Aktualisierung
  • Das Durchschnittsergebnis liegt bei 6 aus 10
Antwortstatistiken
Unentschieden Mannschaft % Korrekt
1 Georgien
83%
1 Albanien
67%
0 Finnland
67%
1 Lettland
67%
0 Nordmazedonien
67%
1 Ukraine
67%
1 Wales
67%
1 Bulgarien
50%
0 Nordirland
50%
1 Norwegen
50%
Keine übereinstimmenden Quizze gefunden
Verteilung der Resultate
Anzahl Personen mit jedem Resultat
Perzentil nach korrekt beantworteten Fragen
Ihre Resultats-Entwicklung
Sie haben dieses Quiz seit der letzten Aktualisierung nicht gespielt